| 000 | 00910nam a2200289 i 4500 | ||
|---|---|---|---|
| 003 | DO-SdBNP | ||
| 005 | 20260511115002.0 | ||
| 007 | ta | ||
| 008 | 260511b2025 dr ||||| |||| 00| 0 spa d | ||
| 020 | _a9789945656459 | ||
| 040 |
_aDO-SdBNP _bspa _cBNPHU _erda |
||
| 041 | _aspa | ||
| 082 | 4 |
_axxx _bL961o _222 |
|
| 100 |
_aLuna, Samuel, _eautor _4aut. _975214 |
||
| 245 | 1 | 3 |
_aLa otra cara / _cSamuel Luna ; prólogo, José Luis Taveras |
| 264 | 1 |
_aSanto Domingo : _bEditorial Santuario, _c2025. |
|
| 300 |
_a199 páginas ; _c23 cm. |
||
| 336 |
_atexto _btxt _2rdacontent |
||
| 337 |
_asin mediación _bn _2rdamedia |
||
| 338 |
_avolumen _bnc _2rdacarrier |
||
| 500 | _aIncluye datos biográficos del autor en las solapas | ||
| 500 | _acamino hacia una nueva conciencia | ||
| 590 | _aInventariado, 2026/BT | ||
| 700 | 1 |
_aTaveras, José Luis, _eprologuista _910080 |
|
| 910 | _aBtavárez | ||
| 942 |
_2ddc _cLBS1 |
||
| 999 |
_c60705 _d60705 |
||